[Event "EIRCC 2019"]
[Site "Tallinn"]
[Date "2019.12.05"]
[Round "4.31"]
[White "Krupenski, Juri"]
[Black "Stepanyan, Eva"]
[Result "1-0"]
[WhiteElo "2373"]
[BlackElo "1886"]
[Annotator "NA"]
[PlyCount "119"]
[EventDate "2019.12.05"]
[EventType "swiss"]
[EventCountry "EST"]
[SourceTitle "playchess.com"]
[Source "ChessBase"]
[SourceQuality "1"]
[TimeControl "900+10"]

1. d4 {[%emt 0:00:00]} Nf6 {[%emt 0:00:00]} 2. c4 {[%emt 0:00:00]} e6 {[%emt 0:00:00]} 3. g3 {[%emt 0:00:00]} d5 {[%emt 0:00:00]} 4. Nf3 {[%emt 0:00:00]} dxc4 {[%emt 0:00:03]} 5. Bg2 {[%emt 0:00:04]} a6 {[%emt 0:00:01]} 6. a4 {[%emt 0:00:24]} c5 {[%emt 0:00:19]} 7. O-O {[%emt 0:00:06]} cxd4 {[%emt 0:00:12]} 8. Nxd4 {[%emt 0:00:08]} e5 {[%emt 0:00:24]} 9. Nf3 {[%emt 0:00:21]} Qxd1 {[%emt 0:00:05]} 10. Rxd1 {[%emt 0:00:01]} Nc6 {[%emt 0:00:11]} 11. Nbd2 {[%emt 0:00:11]} Be6 {[%emt 0:01:17]} 12. Ng5 {[%emt 0:00:15]} O-O-O {[%emt 0:01:09]} 13. Nxe6 {[%emt 0:00:09]} fxe6 {[%emt 0:00:02]} 14. Bxc6 {[%emt 0:02:17]} bxc6 {[%emt 0:00:02]} 15. Rf1 {[%emt 0:00:01]} c3 {[%emt 0:01:01]} 16. bxc3 {[%emt 0:00:07]} Nd5 {[%emt 0:00:43]} 17. Ne4 {[%emt 0:00:30]} Be7 {[%emt 0:00:45]} 18. Rb1 {[%emt 0:01:49]} Kc7 {[%emt 0:00:52]} 19. a5 {[%emt 0:02:56]} h6 {[%emt 0:00:57]} 20. c4 {[%emt 0:01:32]} Nf6 {[%emt 0:00:14]} 21. Nxf6 {[%emt 0:00:06]} gxf6 {[%emt 0:00:13]} 22. Be3 {[%emt 0:00:05]} Rb8 {[%emt 0:01:48]} 23. Rb6 {[%emt 0:00:49]} Rxb6 {[%emt 0:00:20]} 24. Bxb6+ {[%emt 0:00:18]} Kc8 {[%emt 0:00:37]} 25. Rd1 {[%emt 0:00:24]} h5 {[%emt 0:00:54]} 26. e4 {[%emt 0:00:20]} Re8 {[%emt 0:01:37]} 27. Kg2 {[%emt 0:00:09]} Rg8 {[%emt 0:00:27]} 28. Kf3 {[%emt 0:00:51]} Rh8 {[%emt 0:00:12]} 29. h3 {[%emt 0:00:18]} Rg8 {[%emt 0:00:11]} 30. Rd3 {[%emt 0:00:24]} Rh8 {[%emt 0:00:26]} 31. Kg2 {[%emt 0:00:09]} Rg8 {[%emt 0:00:12]} 32. h4 {[%emt 0:00:11]} f5 {[%emt 0:00:49]} 33. Kf3 {[%emt 0:01:20]} Rg4 {[%emt 0:00:36]} 34. Re3 {[%emt 0:00:01]} Bd6 {[%emt 0:00:23]} 35. c5 {[%emt 0:01:11]} Bb8 {[%emt 0:00:41]} 36. Re1 {[%emt 0:00:03]} Rg7 {[%emt 0:01:03]} 37. Rd1 {[%emt 0:00:26]} Rd7 {[%emt 0:00:01]} 38. Rxd7 {[%emt 0:00:32]} Kxd7 {[%emt 0:00:02]} 39. Ke3 {[%emt 0:00:11]} Ke7 {[%emt 0:00:19]} 40. f3 {[%emt 0:00:06]} Ke8 {[%emt 0:00:12]} 41. Kf2 {[%emt 0:00:06]} Kf7 {[%emt 0:00:30]} 42. Kg2 {[%emt 0:00:11]} Kg6 {[%emt 0:00:13]} 43. Kh3 {[%emt 0:00:03]} Kh6 {[%emt 0:00:38]} 44. g4 {[%emt 0:00:09]} Kg6 {[%emt 0:00:14]} 45. Kg3 {[%emt 0:00:05]} fxg4 {[%emt 0:00:32]} 46. fxg4 {[%emt 0:00:02]} Kh6 {[%emt 0:00:01]} 47. Kf3 {[%emt 0:00:09]} Kg6 {[%emt 0:00:08]} 48. Bd8 {[%emt 0:00:05]} Ba7 {[%emt 0:00:14]} 49. Be7 {[%emt 0:00:06]} Bb8 {[%emt 0:00:01]} 50. Bd6 {[%emt 0:00:10]} Ba7 {[%emt 0:00:02]} 51. g5 {[%emt 0:00:24]} Kf7 {[%emt 0:00:06]} 52. Ke3 {[%emt 0:00:01]} Kg6 {[%emt 0:00:17]} 53. Kd3 {[%emt 0:00:01]} Kf7 {[%emt 0:00:01]} 54. Kc4 {[%emt 0:00:00]} Kg6 {[%emt 0:00:07]} 55. Bxe5 {[%emt 0:00:02]} Kf7 {[%emt 0:00:01]} 56. Kd4 {[%emt 0:00:07]} Kg6 {[%emt 0:00:01]} 57. Bd6 {[%emt 0:00:01]} Kg7 {[%emt 0:00:19]} 58. Ke5 {[%emt 0:00:18]} Kf7 {[%emt 0:00:01]} 59. g6+ {[%emt 0:00:09]} Kxg6 {[%emt 0:00:02]} 60. Kxe6 {[%emt 0:00:01]} 1-0

[Event "EIRCC 2019"]
[Site "Tallinn"]
[Date "2019.12.05"]
[Round "4.32"]
[White "Marinskii, Yurii"]
[Black "Timerkhanov, Alexander"]
[Result "0-1"]
[WhiteElo "2059"]
[BlackElo "2363"]
[Annotator "NA"]
[PlyCount "82"]
[EventDate "2019.12.05"]
[EventType "swiss"]
[EventCountry "EST"]
[SourceTitle "playchess.com"]
[Source "ChessBase"]
[SourceQuality "1"]
[TimeControl "900+10"]

1. e4 {[%emt 0:00:00]} c5 {[%emt 0:00:00]} 2. Nc3 {[%emt 0:00:00]} d6 {[%emt 0:00:00]} 3. g3 {[%emt 0:00:00]} g6 {[%emt 0:00:00]} 4. Bg2 {[%emt 0:00:00]} Bg7 {[%emt 0:00:00]} 5. d3 {[%emt 0:00:02]} Nc6 {[%emt 0:00:03]} 6. f4 {[%emt 0:00:02]} e6 {[%emt 0:00:04]} 7. Nf3 {[%emt 0:00:01]} Nge7 {[%emt 0:00:03]} 8. O-O {[%emt 0:00:03]} O-O {[%emt 0:00:12]} 9. Be3 {[%emt 0:00:03]} Nd4 {[%emt 0:00:04]} 10. e5 {[%emt 0:00:02]} Nef5 {[%emt 0:00:25]} 11. Bf2 {[%emt 0:00:04]} Nxf3+ {[%emt 0:00:17]} 12. Qxf3 {[%emt 0:00:31]} Nd4 {[%emt 0:00:09]} 13. Qd1 {[%emt 0:00:02]} dxe5 {[%emt 0:00:13]} 14. fxe5 {[%emt 0:00:02]} Bxe5 {[%emt 0:00:09]} 15. Ne4 {[%emt 0:00:01]} f5 {[%emt 0:01:19]} 16. Nxc5 {[%emt 0:01:01]} Qc7 {[%emt 0:00:52]} 17. b4 {[%emt 0:00:44]} Bg7 {[%emt 0:00:25]} 18. c3 {[%emt 0:03:29]} Nb5 {[%emt 0:00:20]} 19. Rc1 {[%emt 0:01:18]} Nxc3 {[%emt 0:00:38]} 20. Qd2 {[%emt 0:01:50]} Qe5 {[%emt 0:01:22]} 21. Rfe1 {[%emt 0:04:00]} Qf6 {[%emt 0:00:02]} 22. Nxb7 {[%emt 0:00:46]} Bxb7 {[%emt 0:01:04]} 23. Bxb7 {[%emt 0:00:04]} Rad8 {[%emt 0:00:06]} 24. Bg2 {[%emt 0:02:31]} a6 {[%emt 0:01:19]} 25. Bc5 {[%emt 0:00:26]} Rf7 {[%emt 0:00:41]} 26. d4 {[%emt 0:00:24]} Nd5 {[%emt 0:02:56]} 27. Qe2 {[%emt 0:00:15]} f4 {[%emt 0:00:27]} 28. Bxd5 {[%emt 0:00:45]} Rxd5 {[%emt 0:00:39]} 29. Rf1 {[%emt 0:00:57]} f3 {[%emt 0:00:24]} 30. Qf2 {[%emt 0:00:09]} h5 {[%emt 0:00:59]} 31. Rc3 {[%emt 0:00:06]} Rf5 {[%emt 0:00:05]} 32. h4 {[%emt 0:00:20]} g5 {[%emt 0:00:01]} 33. hxg5 {[%emt 0:00:05]} Qxg5 {[%emt 0:00:02]} 34. Kh2 {[%emt 0:00:14]} Qg4 {[%emt 0:00:26]} 35. Rd3 {[%emt 0:00:08]} Bh6 {[%emt 0:00:08]} 36. Bd6 {[%emt 0:00:08]} Kh7 {[%emt 0:00:40]} 37. Re1 {[%emt 0:00:11]} h4 {[%emt 0:00:05]} 38. gxh4 {[%emt 0:00:13]} Rh5 {[%emt 0:00:01]} 39. Bg3 {[%emt 0:00:12]} Bf4 {[%emt 0:00:14]} 40. Bxf4 Rxh4+ {[%emt 0:00:06]} 41. Qxh4+ {[%emt 0:00:16]} Qxh4+ {[%emt 0:00:01]} 0-1

[Event "EIRCC 2019"]
[Site "Tallinn"]
[Date "2019.12.05"]
[Round "4.33"]
[White "Gudovskis, Konstantins"]
[Black "Putka, Verners"]
[Result "0-1"]
[WhiteElo "2008"]
[BlackElo "2358"]
[Annotator "NA"]
[PlyCount "84"]
[EventDate "2019.12.05"]
[EventType "swiss"]
[EventCountry "EST"]
[SourceTitle "playchess.com"]
[Source "ChessBase"]
[SourceQuality "1"]
[TimeControl "900+10"]

1. d4 {[%emt 0:00:00]} Nf6 {[%emt 0:00:00]} 2. c4 {[%emt 0:00:00]} e6 {[%emt 0:00:00]} 3. Nc3 {[%emt 0:00:00]} Bb4 {[%emt 0:00:00]} 4. f3 {[%emt 0:00:02]} c5 {[%emt 0:00:09]} 5. d5 {[%emt 0:00:03]} b5 {[%emt 0:00:03]} 6. e4 {[%emt 0:00:06]} bxc4 {[%emt 0:00:08]} 7. Bxc4 {[%emt 0:00:02]} O-O {[%emt 0:00:29]} 8. Nge2 {[%emt 0:00:13]} d6 {[%emt 0:02:26]} 9. O-O {[%emt 0:00:14]} e5 {[%emt 0:00:46]} 10. f4 {[%emt 0:04:41]} Nbd7 {[%emt 0:01:03]} 11. Ng3 {[%emt 0:05:15]} Qa5 {[%emt 0:01:22]} 12. Bd2 {[%emt 0:00:59]} exf4 {[%emt 0:01:58]} 13. Bxf4 {[%emt 0:00:03]} Ba6 {[%emt 0:02:01]} 14. Qd3 {[%emt 0:01:21]} Bxc4 {[%emt 0:01:23]} 15. Qxc4 {[%emt 0:00:03]} Nb6 {[%emt 0:01:23]} 16. Qd3 {[%emt 0:00:06]} c4 {[%emt 0:00:05]} 17. Qc2 {[%emt 0:00:19]} Rfe8 {[%emt 0:01:07]} 18. Rae1 {[%emt 0:01:47]} Nbd7 {[%emt 0:00:30]} 19. Kh1 {[%emt 0:00:10]} Ng4 {[%emt 0:00:13]} 20. Nf5 {[%emt 0:01:05]} Nge5 {[%emt 0:00:24]} 21. Re3 {[%emt 0:01:10]} Nf8 {[%emt 0:00:15]} 22. a3 {[%emt 0:00:37]} Bc5 {[%emt 0:00:11]} 23. Rg3 {[%emt 0:00:05]} Nfg6 {[%emt 0:00:02]} 24. Bxe5 {[%emt 0:00:03]} Rxe5 {[%emt 0:00:03]} 25. Na4 {[%emt 0:00:08]} Rae8 {[%emt 0:00:23]} 26. Nxc5 {[%emt 0:00:35]} Qxc5 {[%emt 0:00:03]} 27. Rg4 {[%emt 0:00:10]} h5 {[%emt 0:00:09]} 28. Rg5 {[%emt 0:00:11]} Rxe4 {[%emt 0:00:11]} 29. Rxh5 {[%emt 0:00:04]} R8e5 {[%emt 0:01:31]} 30. Ng3 {[%emt 0:00:06]} Qxd5 {[%emt 0:00:30]} 31. Nxe4 {[%emt 0:00:16]} Rxh5 {[%emt 0:00:02]} 32. Ng3 {[%emt 0:00:06]} Re5 {[%emt 0:00:11]} 33. Qf2 {[%emt 0:00:03]} a5 {[%emt 0:00:07]} 34. h3 {[%emt 0:00:04]} Qe6 {[%emt 0:00:13]} 35. Nf5 {[%emt 0:00:10]} d5 {[%emt 0:00:46]} 36. Nd4 {[%emt 0:00:02]} Qe8 {[%emt 0:00:07]} 37. Qd2 {[%emt 0:00:12]} Re4 {[%emt 0:00:07]} 38. Nf5 {[%emt 0:00:09]} Qd8 {[%emt 0:00:02]} 39. Nd4 {[%emt 0:00:20]} Ne5 {[%emt 0:00:08]} 40. Qf2 {[%emt 0:00:13]} Qg5 {[%emt 0:00:06]} 41. Nf5 {[%emt 0:00:10]} Nd3 {[%emt 0:00:34]} 42. Qf3 {[%emt 0:00:22]} Rf4 {[%emt 0:00:09]} 0-1

[Event "EIRCC 2019"]
[Site "Tallinn"]
[Date "2019.12.05"]
[Round "4.34"]
[White "Seeman, Tarvo"]
[Black "Wartiovaara, Oliver"]
[Result "1-0"]
[WhiteElo "2325"]
[BlackElo "1396"]
[Annotator "NA"]
[PlyCount "93"]
[EventDate "2019.12.05"]
[EventType "swiss"]
[EventCountry "EST"]
[SourceTitle "playchess.com"]
[Source "ChessBase"]
[SourceQuality "1"]
[TimeControl "900+10"]

1. c4 {[%emt 0:00:00]} c5 {[%emt 0:00:00]} 2. Nc3 {[%emt 0:00:04]} Nc6 {[%emt 0:00:00]} 3. g3 {[%emt 0:00:01]} g6 {[%emt 0:00:00]} 4. Bg2 {[%emt 0:00:02]} Bg7 {[%emt 0:00:00]} 5. Nf3 {[%emt 0:00:08]} d6 {[%emt 0:00:00]} 6. O-O {[%emt 0:00:20]} Nh6 {[%emt 0:00:01]} 7. d3 {[%emt 0:00:18]} Nf5 {[%emt 0:00:02]} 8. Bd2 {[%emt 0:00:43]} O-O {[%emt 0:00:06]} 9. Rb1 {[%emt 0:00:07]} Qd7 {[%emt 0:00:12]} 10. a3 {[%emt 0:00:12]} b6 {[%emt 0:00:02]} 11. b4 {[%emt 0:00:21]} Bb7 {[%emt 0:00:01]} 12. e3 {[%emt 0:00:03]} e6 {[%emt 0:01:18]} 13. Qe2 {[%emt 0:01:34]} Rad8 {[%emt 0:00:23]} 14. Rfd1 {[%emt 0:00:33]} h5 {[%emt 0:00:40]} 15. Be1 {[%emt 0:00:55]} Ne5 {[%emt 0:02:35]} 16. Nxe5 {[%emt 0:00:39]} Bxe5 {[%emt 0:00:08]} 17. bxc5 {[%emt 0:01:12]} dxc5 {[%emt 0:00:04]} 18. Ne4 {[%emt 0:00:39]} Bc6 {[%emt 0:01:08]} 19. Bc3 {[%emt 0:00:32]} Bxc3 {[%emt 0:00:34]} 20. Nxc3 {[%emt 0:00:03]} Bxg2 {[%emt 0:00:41]} 21. Kxg2 {[%emt 0:00:03]} Kg7 {[%emt 0:00:13]} 22. h3 {[%emt 0:00:57]} Qc6+ {[%emt 0:00:35]} 23. Qf3 {[%emt 0:00:04]} Qxf3+ {[%emt 0:00:05]} 24. Kxf3 {[%emt 0:00:02]} Rd7 {[%emt 0:00:07]} 25. a4 {[%emt 0:00:14]} Rfd8 {[%emt 0:00:25]} 26. Ke2 {[%emt 0:00:03]} Ne7 {[%emt 0:00:49]} 27. a5 {[%emt 0:00:05]} bxa5 {[%emt 0:00:01]} 28. Rb5 {[%emt 0:00:09]} Rc8 {[%emt 0:01:10]} 29. Rxa5 {[%emt 0:00:39]} Rb7 {[%emt 0:00:02]} 30. Rd2 {[%emt 0:00:26]} Rc6 {[%emt 0:00:35]} 31. Rda2 {[%emt 0:00:44]} Nc8 {[%emt 0:00:09]} 32. g4 {[%emt 0:01:18]} hxg4 {[%emt 0:00:13]} 33. hxg4 {[%emt 0:00:01]} f5 {[%emt 0:01:31]} 34. g5 {[%emt 0:00:14]} Rcc7 {[%emt 0:00:05]} 35. Nb5 {[%emt 0:01:02]} Rd7 {[%emt 0:00:08]} 36. Ra6 {[%emt 0:01:02]} Kf7 {[%emt 0:00:05]} 37. Rc6 {[%emt 0:00:11]} Ne7 {[%emt 0:02:03]} 38. Rxc5 {[%emt 0:00:06]} e5 {[%emt 0:00:33]} 39. Ra6 {[%emt 0:00:52]} Rb6 {[%emt 0:00:16]} 40. Rxb6 {[%emt 0:00:29]} axb6 {[%emt 0:00:01]} 41. Rxe5 {[%emt 0:00:02]} Nc6 {[%emt 0:02:45]} 42. Rd5 {[%emt 0:00:07]} Rxd5 {[%emt 0:00:58]} 43. cxd5 {[%emt 0:00:03]} Ne5 {[%emt 0:00:03]} 44. f4 {[%emt 0:00:20]} Nd7 {[%emt 0:00:28]} 45. e4 {[%emt 0:00:07]} fxe4 {[%emt 0:00:02]} 46. dxe4 {[%emt 0:00:03]} Nc5 {[%emt 0:00:04]} 47. Ke3 {[%emt 0:00:06]} 1-0

[Event "EIRCC 2019"]
[Site "Tallinn"]
[Date "2019.12.05"]
[Round "4.36"]
[White "Semjonovs, Ilja"]
[Black "Guseinov, Gadir"]
[Result "0-1"]
[WhiteElo "2141"]
[BlackElo "2691"]
[Annotator "TA"]
[PlyCount "130"]
[EventDate "2019.12.05"]
[EventType "swiss"]
[EventCountry "EST"]
[SourceTitle "playchess.com"]
[Source "ChessBase"]
[SourceQuality "1"]

{[%evp 9,130,-20,-4,-20,-24,-11,-22,-18,-12,-13,-13,-10,-18,-22,-19,-27,-26,-29,-21,-30,-24,-22,-18,-24,-15,-15,-15,-15,-17,-58,-39,-39,-44,-31,-18,-9,0,-67,-65,-63,-68,-65,-54,-60,-29,-18,-36,-112,-119,-103,-107,-142,-132,-114,-142,-141,-132,-141,-129,-136,-137,-129,-125,-133,-106,-197,-200,-223,-200,-269,-253,-302,-303,-284,-281,-302,-292,-343,-333,-345,-244,-272,-258,-261,-250,-204,-231,-1008,-97,-143,-6,-6,-6,-89,-75,-75,-75,-83,-75,-129,-115,-1530,-1433,-1444,-1454,-1306,-1276,-1506,-1447,-29973,-29975,-29973,-12797,-29980,-29981,-29984,-29985,-29985,-29986,-29986,-29987,-29988,-29989]} 1. d4 Nf6 2. Nf3 g6 3. Bg5 Bg7 4. Bxf6 Bxf6 5. e3 d6 (5... c5 6. c3 d5 7. dxc5 O-O 8. Nbd2 e6 9. e4 Nd7 10. exd5 exd5 11. Be2 Nxc5 12. O-O Re8 {0-1 (25) Pakhomov,A (2317)-Rausis,I (2653) Lugano 2019}) 6. Bd3 {A48: 1 d4 Nf6 2 Nf3 g6: Torre, London and Colle Systems} Nd7 7. c3 e5 8. Nbd2 $146 {The position is equal.} ({Predecessor:} 8. dxe5 dxe5 9. Qc2 Nc5 10. Be4 c6 11. Nbd2 Qe7 12. O-O-O Bg7 {1-0 (33) Del Nevo,C (1807)-Mattavelli,I (1784) Omegna 2016}) 8... Qe7 9. Qc2 d5 10. dxe5 Nxe5 11. Nxe5 Bxe5 12. Nf3 Bf6 13. h3 c6 14. O-O O-O 15. Rfe1 Qc5 16. Rad1 Re8 17. c4 dxc4 18. Bxc4 Be6 19. b3 b5 20. Bd3 Qxc2 21. Bxc2 Bc3 22. Rf1 c5 23. Rc1 ({White should try} 23. Ng5 $11) 23... Bb2 $36 {[%mdl 2048] Black has the initiative.} 24. Rb1 Bf6 25. Rfd1 a5 26. Nd2 Bd5 27. Nc4 Rad8 28. e4 (28. Na3 $15) 28... Bxe4 $17 29. Rxd8 Bxd8 30. Re1 {And now Nd6 would win.} Bc6 $1 ({Don't do} 30... bxc4 31. Rxe4 Rxe4 32. Bxe4 $15) 31. Rxe8+ Bxe8 {[%mdl 4096] Endgame KBB-KBN} 32. Nd6 Bd7 33. Bd3 {[#]} c4 $1 {[%cal Rc4d3][%mdl 512]} 34. bxc4 b4 35. Kf1 Kf8 36. Ke2 Ke7 37. Ne4 (37. c5 $17) 37... f5 $19 38. Nd2 Bb6 39. f3 Kd6 40. Bc2 a4 41. Kd3 Ke5 42. g3 Bc6 43. f4+ Kd6 $1 44. Ke2 Bd4 45. g4 fxg4 46. hxg4 h5 47. Ne4+ Ke7 {Hoping for ...b3!} 48. gxh5 $2 {[#]} (48. Kd3 Ba7 49. gxh5 gxh5 50. Ng3) 48... gxh5 $2 (48... b3 $1 $19 {[%cal Rb3c2][%mdl 512]} 49. axb3 a3) 49. Ng3 $17 {[#] Strongly threatening Nf5+.} Kd6 (49... b3 $1 $17 {[%cal Rb3a2][%mdl 512]} 50. axb3 a3) 50. Nxh5 $11 Kc5 51. Ng3 (51. Kd3 $1 $11) 51... Kxc4 {Threatens to win with ...Kc3.} 52. Kd2 Bc3+ 53. Kc1 Be1 54. Ne4 (54. Ne2 $142) 54... Kd4 55. Nd2 $2 {[%mdl 8192] [#]} (55. Nd6 $17) 55... Bg3 $1 $19 {[%cal Rg3f4]} 56. f5 Bf4 57. Kd1 Kc3 58. Ne4+ Kb2 59. f6 Bxe4 60. Bxe4 Kxa2 {KB-KB} 61. f7 Bh6 {Black mates.} 62. Kc2 b3+ {[%cal Bb4b3,Bb3b2][%mdl 32]} 63. Kc3 b2 64. Kb4 a3 65. Ka4 Bf8 {Accuracy: White = 45%, Black = 70%.} 0-1

[Event "EIRCC 2019"]
[Site "Tallinn"]
[Date "2019.12.05"]
[Round "5.1"]
[White "Saric, Ante"]
[Black "Sargissian, Gabriel"]
[Result "1/2-1/2"]
[WhiteElo "2538"]
[BlackElo "2715"]
[Annotator "TA"]
[PlyCount "33"]
[EventDate "2019.12.05"]
[EventType "swiss"]
[EventCountry "EST"]
[SourceTitle "playchess.com"]
[Source "ChessBase"]
[SourceQuality "1"]

{[%evp 20,33,22,24,27,0,0,0,0,0,0,0,0,0,0,0]} 1. Nf3 $146 ({Predecessor:} 1. d4 Nf6 2. c4 e6 3. Nf3 {½-½ (19) Ma,Q (2626)-Yu,Y (2738) Daqing 2019}) 1... d5 2. d4 Nf6 3. c4 e6 4. Nc3 Bb4 5. Bg5 h6 6. Bxf6 Qxf6 7. e3 O-O 8. Rc1 dxc4 9. Bxc4 c5 10. O-O cxd4 11. Nxd4 Bd7 {D38: Queen's Gambit Declined: Ragozin Defence (4 Nf3 Bb4)} 12. Qb3 (12. Ne4 $5 {[%cal Re4f6]} Qd8 13. Qh5 $14) 12... Nc6 {The position is equal.} 13. Nxc6 Bxc3 $1 14. Rxc3 Bxc6 15. Bb5 Bd5 16. Bc4 Bc6 17. Bb5 1/2-1/2

[Event "EIRCC 2019"]
[Site "Tallinn"]
[Date "2019.12.05"]
[Round "5.2"]
[White "Motylev, Alexander"]
[Black "Kulaots, Kaido"]
[Result "1/2-1/2"]
[WhiteElo "2703"]
[BlackElo "2544"]
[Annotator "TA"]
[PlyCount "111"]
[EventDate "2019.12.05"]
[EventType "swiss"]
[EventCountry "EST"]
[SourceTitle "playchess.com"]
[Source "ChessBase"]
[SourceQuality "1"]

{[%evp 9,111,0,0,0,0,0,10,0,14,0,0,-2,0,-10,0,-6,3,-24,-16,-17,-18,-73,-70,-87,-80,-81,-8,-95,-97,-85,-89,-88,-95,-95,-88,-79,-102,-119,-58,-134,-113,-145,-145,-376,-372,-401,-275,-306,-314,-310,-209,-362,-364,-436,-422,-428,-417,-396,-349,-341,-336,-430,-413,-439,-461,-452,-440,-600,-504,-451,-350,-372,-318,-472,-447,-616,-589,-719,0,0,0,0,0,-29979,-29980,-29983,-29984,-29996,-29984,-29983,-29984,-29983,0,0,0,0,0,0,0,0,0,0,0,0]} 1. e4 c5 2. Nf3 d6 3. Bb5+ Nd7 4. d4 cxd4 5. Qxd4 a6 6. Be2 {B51: Sicilian: Moscow Variation (3 Bb5+) without 3...Bd7} (6. Bxd7+ Bxd7 7. Bg5 h6 8. Bh4 Qa5+ 9. Nc3 e5 10. Qd3 g5 11. Bg3 Nf6 12. h4 g4 13. Nd2 Rc8 14. h5 Be6 {0-1 (23) Duda,J (2729)-Vachier Lagrave,M (2775) Paris 2019}) 6... Ngf6 7. O-O g6 8. c4 Bg7 9. Nc3 O-O 10. h3 b6 {[%cal Bb7b6,Bb6b5,Bb5c4][%mdl 32]} 11. Rd1 Bb7 {Black wants to play ...Nxe4.} 12. Qe3 Rc8 13. Bf1 $146 ({Predecessor:} 13. Rb1 Ne8 14. b3 e6 15. Bb2 Nc5 16. Nd4 Nc7 17. b4 Nd7 18. b5 Nc5 19. bxa6 Bxa6 20. Ncb5 Na8 {1-0 (20) Burg,T (2501)-Cruz,F (2414) Barcelona 2016}) 13... Re8 14. Rb1 Qc7 15. b4 (15. b3 $11 {keeps the balance.}) 15... b5 $1 $17 16. a4 bxc4 17. Rd4 {[#]} Qb8 (17... Nxe4 $1 $17 {[%mdl 512]} 18. Rxc4 (18. Nxe4 Bxd4) 18... Nxc3 19. Rxc7 Rxc7) 18. Bd2 (18. Rxc4 $11 {remains equal.} Rxc4 19. Bxc4) 18... Nb6 {And now ...e5 would win.} 19. Be1 d5 {White must now prevent ...e5.} 20. e5 Ne4 $1 21. a5 Nxc3 22. Bxc3 Na4 23. e6 {Hoping for exf7+.} f6 (23... Rf8 $17 24. Ba1 Qc7) 24. Be1 (24. Ba1 $15) 24... Bc6 $36 {[%mdl 2048] Keeping White busy.} 25. Be2 {[#]} Nc5 $1 {[%mdl 512]} 26. bxc5 $2 (26. Rdd1 $17 Ne4 27. b5 $1 {[%mdl 512]} axb5 28. Nd4) 26... Qxb1 $19 27. Rd1 Qa2 {Strongly threatening ...Bh6!} 28. Bc3 Rb8 29. Nd4 Ba8 30. c6 $2 (30. h4 {was worth a try.}) 30... Rb1 31. Qf3 Rxd1+ 32. Bxd1 Qb1 33. Kh2 Qb8+ 34. g3 Qd6 35. Ba4 Rc8 36. Qe2 Qa3 37. Qc2 f5 38. Bb2 Qc5 39. Qd2 Rb8 40. Bc3 Qd6 41. Ba1 (41. Kg2 {was called for.}) 41... Qa3 42. c7 Rc8 43. Nxf5 gxf5 $2 (43... Bxa1 $19 44. Bd7 Rxc7) 44. Bxg7 $11 Kxg7 45. Qg5+ Kh8 {aiming for ...Qf3.} 46. Bd7 $2 {[%mdl 8192] [#]} (46. Qxf5 $11 Qd3 47. Qe5+ Kg8 48. Qg5+ {[%mdl 64] Double Attack} Qg6 49. Qxe7) 46... Qf3 $1 {[%mdl 512]} 47. Qd2 d4 ({Weaker is} 47... Rxc7 48. Be8 $11) 48. Qxd4+ Kg8 {[%csl Ga8][%cal Rf3h1]} 49. Bc6 Qxc6 {[%csl Ga8][%cal Rc6h1][%mdl 64] Double Attack} 50. Qd8+ Kg7 $2 (50... Qe8 {mates} 51. Qd2 Rxc7 52. g4 c3 53. Qc1 fxg4 54. hxg4 c2 55. f3 Bxf3 56. Kh3 {[#]} Bxg4+ $1 {[%mdl 512]} 57. Kg2 Bxe6 58. Kg1 Qg6+ 59. Kf2 Rc3 60. Qf4 c1=Q 61. Qb8+ Bc8 62. Qxc8+ Rxc8 63. Kf3 Rf8+ 64. Ke2 Qe4#) 51. Qxe7+ {The position is equal.} Kg8 {[%csl Ga8][%cal Rc6h1]} 52. Qg5+ {[#]} Kh8 $1 {[%csl Ga8][%cal Rc6h1]} 53. Qf6+ Kg8 {[%csl Ga8][%cal Rc6h1]} 54. Qf7+ Kh8 {[%csl Ga8][%cal Rc6h1]} 55. Qf6+ Kg8 {[%csl Ga8][%cal Rc6h1]} 56. Qf7+ {Accuracy: White = 32%, Black = 71%.} 1/2-1/2

[Event "EIRCC 2019"]
[Site "Tallinn"]
[Date "2019.12.05"]
[Round "5.3"]
[White "Lintchevski, Daniil"]
[Black "Lysyj, Igor"]
[Result "1/2-1/2"]
[WhiteElo "2515"]
[BlackElo "2599"]
[Annotator "ChessBase"]
[PlyCount "36"]
[EventDate "2019.12.05"]
[EventType "swiss"]
[EventCountry "EST"]
[SourceTitle "playchess.com"]
[Source "ChessBase"]
[SourceQuality "1"]
[TimeControl "900+10"]

1. e4 {[%emt 0:00:00]} e5 {[%emt 0:00:00]} 2. Nf3 {[%emt 0:00:00]} Nc6 {[%emt 0:00:00]} 3. Nc3 {[%emt 0:00:19]} Nf6 {[%emt 0:00:00]} 4. d4 {[%emt 0:00:05]} exd4 {[%emt 0:00:00]} 5. Nxd4 {[%emt 0:00:02]} Bb4 {[%emt 0:00:00]} 6. Nxc6 {[%emt 0:00:03]} bxc6 {[%emt 0:00:00]} 7. Bd3 {[%emt 0:00:03]} O-O {[%emt 0:00:00]} 8. O-O {[%emt 0:00:02]} d5 {[%emt 0:00:00]} 9. exd5 {[%emt 0:00:02]} cxd5 {[%emt 0:00:00]} 10. Bg5 {[%emt 0:00:17]} c6 {[%emt 0:00:05]} 11. Qf3 {[%emt 0:00:05]} Bd6 {[%emt 0:00:03]} 12. Rae1 {[%emt 0:00:06]} Rb8 {[%emt 0:00:08]} 13. Nd1 {[%emt 0:00:07]} h6 {[%emt 0:00:03]} 14. Bxf6 {[%emt 0:00:03]} Qxf6 {[%emt 0:00:01]} 15. Qxf6 {[%emt 0:00:03]} gxf6 {[%emt 0:00:02]} 16. b3 {[%emt 0:00:25]} f5 {[%emt 0:00:01]} 17. Ne3 {[%emt 0:00:23]} f4 {[%emt 0:00:01]} 18. Nf5 {[%emt 0:00:02]} Bxf5 1/2-1/2